Jak zkoumat politiku kvalitativní metodologie v politologii a mezinárodních vztazích
Enregistré dans:
| Auteur principal: | |
|---|---|
| Format: | Livre |
| Langue: | tchèque |
| Publié: |
Praha
Portál
2008
|
| Sujets: | |
| Tags: |
Pas de tags, Soyez le premier à ajouter un tag!
|
MARC
| LEADER | 00000nam a2200000 4500 | ||
|---|---|---|---|
| 001 | 0179120 | ||
| 005 | 20221207101125.8 | ||
| 020 | |a 978-80-7367-385-7 | ||
| 041 | 0 | |a cze | |
| 044 | |a CZ | ||
| 245 | 1 | 0 | |a Jak zkoumat politiku |b kvalitativní metodologie v politologii a mezinárodních vztazích |c Petr Drulák a kol. |
| 264 | 1 | |a Praha |b Portál |c 2008 | |
| 300 | |a 255 s. | ||
| 610 | 2 | 0 | |a politika |
| 610 | 2 | 0 | |a výskum |
| 610 | 2 | 0 | |a metodológia |
| 610 | 2 | 0 | |a politológia |
| 610 | 2 | 0 | |a vzťahy medzinárodné |
| 610 | 2 | 0 | |a štúdie prípadové |
| 610 | 2 | 0 | |a analýzy |
| 610 | 2 | 0 | |a etnografia |
| 610 | 2 | 0 | |a biografia |
| 100 | 1 | |a Drulák, Petr | |